Doña Bárbara /

में बचाया:
ग्रंथसूची विवरण
मुख्य लेखक: Gallegos, Rómulo (autor)
स्वरूप: पुस्तक
भाषा:स्पेनिश
प्रकाशित: Buenos Aires, Argentina : Espasa-Calpe, 1943, c1943
संस्करण:5a edición
श्रृंखला:(Austral ; 168)
विषय:
टैग: टैग जोड़ें
कोई टैग नहीं, इस रिकॉर्ड को टैग करने वाले पहले व्यक्ति बनें!

MARC

LEADER 00000nam^a2200000^a^4500
001 000138386
005 20250521000000.0
009 20260310095425.72
037 |a Acervo ITESO - Biblioteca 
041 |a ESP 
082 |a 808.  |b AUS V. 168 
100 |a Gallegos, Rómulo  |e (autor) 
240 1 1 |a [Doña Bárbara] 
245 1 0 |a Doña Bárbara /  |c R. Gallegos. 
250 |a 5a edición 
264 4 |a Buenos Aires, Argentina :  |b Espasa-Calpe,  |c 1943, c1943 
300 |a 300 p. 
336 |a texto  |b txt  |2 rdacontenido 
337 |a sin mediación  |b n  |2 rdamedio 
338 |a volumen  |b nc  |2 rdasoporte 
440 1 |a (Austral ;  |v 168) 
545 0 |a Rómulo Gallegos, novelista, cuentista, ensayista y crítico venezolado (Caracas, 1884-1969). Su fama de gran novelista la debe, principalmente, a las obras Doña Bárbara (1929), Cantaclaro (1933) y Canaima (1935), en las que explora el sentimiento del hombre americano, enfrentado a la fuerza de la naturaleza, primitiva y violenta, mientras, por otro lado, se trata de hacer de su país una nación moderna. Otras obras de Gallegos son: La trepadora (1925), Pobre negro (1935), Reinaldo Solar, Sobre la misma tierra, El forastero, y los volúmenes de cuentos, Cuentos venezolanos y La rebelión (1946). 
562 |a Falta sobrecubierta 
649 |a XX 
650 |a Novela Venezolana 
650 |a Literatura Venezolana -  |y Siglo XX 
910 |a Fondo Salvador Reynoso Reynoso 
920 |a Impresos - Libros 
930 |a Fondos Especiales 
940 |a Literatura 
905 |a 112 
901 |a 0800014054  |b IT2  |c ESP  |u 20250521 
902 |a https://opac.biblio.iteso.mx/vufind/Record/000138386